1120 1569 1833 1696 1763 1107 1729 1310 1861 1480 1169 1459 1061 1436 1097 1449 1964 1459 1807 1380 1694 1660 1984 1821 1552 1449 1942 1182 1037 1258 1837 1353 1725 1596 1966 1100 1462 1083 1729 1289 1204 1002 1646 1148 1804 1818 1114 1440 1983 1370 1010 1608 1230 1919 1595 1241 1946 1945 1428 1275 1500 1872 1264 1452 1348 1195 1293 1831 1495 1484 1957 1889 1969 1495 1927 1628 1865 1040 1812 1376 1315 1518 1374 1133 1098 1959 1342 1958 1682 1708 1223 1034 1835 1216 1567 1806 1163 1491 1673 BCNSPRNW ULIB Ver.6.0+V

เปลี่ยนเป็นภาษาไทย

Change to English
 แสดงรายละเอียดบรรณานุกรม
  กลับหน้าหลัก

Brief Record : Get Marc (ISO 2709) : E-mail record : QR code < ปิดหน้าต่าง
LEADER : 00000nam 2200000uu 4500
001    13399111454
003     ULIB
008    110627s2553||||th 000 0 tha d
020    9786167346007
090    นว.^bK725ค 2553
100 0  Kula
245 00 ครัวกระจุย...ตะลุยรัก /^c เขียนโดย Kula
260    กรุงเทพฯ:^bเพชรประกาย,^c2553
300    208 หน้า
945    ^p0^l0^i17067
995    กัณชพร
999 ^a ใช้งานได้ทุกระบบ
รายการนี้ยังไม่มีแท็ก
คุณยังไม่ได้ล็อกอิน คุณสามารถมีกิจกรรมร่วมกับเว็บไซต์ได้ แต่ต้องล็อกอินก่อน ::
  ล็อกอิน

รายการสื่อสารสนเทศ

ลำดับที่ ประเภท เลขเรียก/บาร์โค้ด สถานที่ สถานะ
1. นวนิยาย
นวนิยาย
นว. K725ค 2553  
  Barcode: 17067
ห้องสมุดวิทยาเขตสวรรค์ประชารักษ์
►นวนิยาย
บนชั้น
  ขอยืม

BibComment


ยังไม่เคยถูกคอมเมนท์

คอมเมนท์ทรัพยากรรายการนี้
  คอมเมนท์: ครัวกระจุยตะลุยรั..


 Copyright 2026. Bcnsprnw @Library